LDR 00769naa#a2200181#i#450# 001 EN\\bibl\19447 005 20260516050112.6 100 ## _a20260515b2026####ek#y0engy0150####ca 102 ## _aRU 200 1# _aFEATURES OF THE PASSAGE OF PHENOPHASES LIRIODENDRON TULIPIFERA L., RELATED TO THE CLIMATE FEATURES OF VORONEZH _eConference article/thesis 210 1# _aVoronezh _cFSBE Institution of Higher Education Voronezh State University of Forestry and Technologies named after G.F. Morozov _d2026 215 ## _a6 с. 608 ## _aConference article/thesis _2local 675 ## _aУсловия существования растений. 630.181 _z 700 #1 _aDegtyareva _gSvetlana Ivanovna 700 #1 _aDorofeeva _gValentina Dmitrievna 700 #1 _aRamenskya _gA. S. 856 4# _abibl.vgltu.ru _u